Vista normal
Vista MARC
Entrada Materia (tema)
Número de registros utilizados en: 6
001 - CONTROL NUMBER
- control field: 62837
003 - CONTROL NUMBER IDENTIFIER
- control field: Co-BoUCM
005 - DATE AND TIME OF LATEST TRANSACTION
- control field: 20140711081230.0
008 - FIXED-LENGTH DATA ELEMENTS
- fixed length control field: 140711|| aca||aabn | a|a d
040 ## - CATALOGING SOURCE
- Original cataloging agency: Co-BoUCM
- Transcribing agency: Co-BoUCM
150 ## - HEADING--TOPICAL TERM
- Topical term or geographic name as entry element: Derecho antiguo
- Geographic subdivision: España
670 ## - SOURCE DATA FOUND
- Source citation: Work cat.: (Co-BoUCM)71735: Cortiada, Miguel de, m. 1691 62836, Decisiones cancellarii & sacri regii Senatus Cathaloniae, sive Praxis contentionum et competentiarum Regnorum inclytae Coronae Aragonum super reciproca in laicos & clericos jurisdictione., 1727